书目信息 |
| 题名: |
尼采的智慧
|
|
| 作者: | 林郁 | |
| 分册: | ||
| 出版信息: | 上海 文汇出版社 2002 |
|
| 页数: | ||
| 开本: | ||
| 丛书名: | ||
| 单 册: | ||
| 中图分类: | G1 | |
| 科图分类: | ||
| 主题词: | 文化事业--基本建设 , 文化事业--概况--世界 | |
| 电子资源: | ||
| ISBN: | 7-80676-018-0 | |
| 000 | 00477nam0 2200181 450 | |
| 001 | 0735257515 | |
| 005 | 20070904094737.51 | |
| 010 | @a7-80676-018-0@d10 | |
| 100 | @a20070904d km y0chiy0120 ea | |
| 101 | 0 | @achi |
| 200 | 1 | @a尼采的智慧@Ani cai de zhi hui@f林郁@Flin yu |
| 210 | @a上海@c文汇出版社@d2002 | |
| 606 | 0 | @a文化事业@x基本建设 |
| 606 | 0 | @a文化事业@x概况@x世界 |
| 690 | @aG1@v3 | |
| 701 | 0 | @a林郁@Alin yu |
| 801 | 0 | @aCN@bPFT@c20070904 |
| 905 | @a213230@dG1@ea18@f1 | |
| 尼采的智慧/林郁.-上海:文汇出版社,2002 |
| ISBN 7-80676-018-0:10 |
| ● |
| 相关链接 |
|
|
|
|
正题名:尼采的智慧
索取号:G1/a18
 
预约/预借
| 序号 | 登录号 | 条形码 | 馆藏地/架位号 | 状态 | 备注 |
| 1 | 7503310 | 275033107 | 史法系资料室/ [索取号:G1/a18] | 在馆 |